[Event "Angers op 7th"]
[Site "Angers"]
[Date "2012.04.20"]
[Round "2"]
[White "Fernandez, Clement"]
[Black "Saintilan, Sebastien"]
[Result "1-0"]
[WhiteElo "1729"]
[BlackElo "1509"]
[PlyCount "85"]
[EventDate "2012.04.20"]
[EventType "swiss"]
[EventRounds "6"]
[EventCountry "FRA"]
[SourceTitle "CBM 148 Extra"]
[Source "ChessBase"]
[SourceDate "2012.06.22"]
[SourceVersion "1"]
[SourceVersionDate "2012.06.22"]
[SourceQuality "1"]

1. d4 Nf6 2. Nf3 g6 3. Bg5 Bg7 4. Nbd2 0-0 5. e4 d6 6. c3 c5 7. dxc5 dxc5 8. Bc4 Nc6 9. 0-0 Bg4 10. Qc2 Qc7 11. h3 Bd7 12. Rfe1 e5 13. Rad1 Qc8 14. Bf1 h6 15. Bh4 Nh5 16. Nc4 Nf4 17. Nd6 Qc7 18. Qd2 Be6 19. b3 a6 20. Qe3 b6 21. Rd2 f6 22. Red1 g5 23. Bg3 Rfd8 24. Bc4 Bxc4 25. Nxc4 Rxd2 26. Rxd2 Rd8 27. Nh2 h5 28. Bxf4 exf4 29. Qe2 b5 30. Rxd8+ Qxd8 31. Nd2 Qe8 32. Nhf3 Ne5 33. Nxe5 Qxe5 34. Qd3 g4 35. hxg4 hxg4 36. Qd5+ Qxd5 37. exd5 Kf7 38. c4 b4 39. Ne4 Bf8 40. Kf1 f5 41. Ng5+ Kf6 42. Ne6 Bh6 43. Nxc5 1-0

[Event "Cholet-B"]
[Site "Cholet"]
[Date "2011.03.07"]
[Round "3"]
[White "Louf, Claude"]
[Black "Fernandez, Clement"]
[Result "0-1"]
[WhiteElo "1633"]
[BlackElo "1712"]
[PlyCount "109"]
[EventDate "2011.03.05"]
[EventType "tourn"]
[EventRounds "9"]
[EventCountry "FRA"]
[SourceTitle "EXT 2012"]
[Source "ChessBase"]
[SourceDate "2011.11.24"]
[SourceVersion "1"]
[SourceVersionDate "2011.11.24"]
[SourceQuality "1"]

1. e4 e5 2. f4 d5 3. exd5 Nf6 4. fxe5 Nxd5 5. Nf3 Bg4 6. Be2 Nc6 7. 0-0 Bc5+ 8. Kh1 0-0 9. c3 Bb6 10. d4 h6 11. Na3 a6 12. Nc4 Ba7 13. Ne3 Be6 14. Nxd5 Qxd5 15. Nh4 Rad8 16. Bf3 Qb5 17. Bxc6 Qxc6 18. Nf5 Qe4 19. Qf3 Qxf3 20. Rxf3 Bxf5 21. Rxf5 c5 22. Be3 cxd4 23. cxd4 Bxd4 24. Bxd4 Rxd4 25. Raf1 Rd5 26. Re1 Re8 27. g3 g6 28. Rf6 Rdxe5 29. Rxe5 Rxe5 30. Rb6 Rb5 31. Rxb5 axb5 32. Kg2 f5 33. Kf3 Kf7 34. Ke3 Ke6 35. Kd4 Kd6 36. a3 g5 37. b3 b6 38. b4 g4 39. Kd3 Kd5 40. Ke3 Ke5 41. Kd3 f4 42. gxf4+ Kxf4 43. Ke2 h5 44. Kf2 h4 45. Kg2 Ke3 46. h3 gxh3+ 47. Kxh3 Kd3 48. Kxh4 Kc3 49. Kg3 Kb3 50. Kf2 Kxa3 51. Ke2 Kxb4 52. Kd2 Ka3 53. Kc2 b4 54. Kb1 Kb3 55. Ka1 0-1

[Event "Fouesnant op 15th"]
[Site "Fouesnant"]
[Date "2009.10.27"]
[Round "5"]
[White "Fournier, Sylvain"]
[Black "Fernandez, Clement"]
[Result "1-0"]
[WhiteElo "1927"]
[BlackElo "1729"]
[PlyCount "67"]
[EventDate "2009.10.26"]
[EventType "swiss"]
[EventRounds "9"]
[EventCountry "FRA"]
[SourceTitle "EXT 2010"]
[Source "ChessBase"]
[SourceDate "2010.11.25"]
[SourceVersion "1"]
[SourceVersionDate "2010.11.25"]
[SourceQuality "1"]

1. e4 e6 2. d4 d5 3. Nc3 Bb4 4. Bd3 dxe4 5. Bxe4 Nf6 6. Bd3 0-0 7. Nge2 c5 8. 0-0 cxd4 9. Nxd4 e5 10. Nde2 Bg4 11. f3 Qb6+ 12. Kh1 Be6 13. a3 Be7 14. Ng3 Rd8 15. Qe1 Nc6 16. Nge4 Nxe4 17. Nxe4 Rac8 18. f4 exf4 19. Bxf4 Nd4 20. Bg5 Bxg5 21. Nxg5 g6 22. Qh4 h5 23. Rf6 Qxb2 24. Raf1 Nf5 25. R6xf5 Rxd3 26. Nxe6 fxe6 27. Rf6 Rd7 28. Rxg6+ Rg7 29. Qe4 Rc6 30. Rxe6 Rxe6 31. Qxe6+ Kh7 32. Qe4+ Kg8 33. Qd5+ Kh8 34. Rf8+ 1-0

[Event "Rohde op 06th"]
[Site "Sautron"]
[Date "2006.10.31"]
[Round "5"]
[White "Fernandez, Clement"]
[Black "Jutard, Emmanuel"]
[Result "1-0"]
[WhiteElo "1713"]
[BlackElo "1872"]
[PlyCount "49"]
[EventDate "2006.10.28"]
[EventType "swiss"]
[EventRounds "9"]
[EventCountry "FRA"]
[SourceTitle "EXT 2007"]
[Source "ChessBase"]
[SourceDate "2006.11.23"]
[SourceVersion "1"]
[SourceVersionDate "2006.11.23"]
[SourceQuality "1"]

1. d4 e5 2. dxe5 Nc6 3. Nf3 Qe7 4. e4 Nxe5 5. Nc3 Nxf3+ 6. Qxf3 c6 7. Be2 g6 8. 0-0 d6 9. Bf4 Be6 10. Rfd1 0-0-0 11. a4 h5 12. Qe3 Kb8 13. Qd4 f6 14. b4 Ka8 15. a5 Bh6 16. Bxd6 Qd7 17. Qc5 Qc8 18. Bf3 Bf8 19. e5 Nh6 20. a6 Bxd6 21. axb7+ Qxb7 22. exd6 Kb8 23. Bxc6 Qf7 24. d7 Rxd7 25. Bxd7 1-0

[Event "Angers op 1st"]
[Site "Angers"]
[Date "2006.05.07"]
[Round "4"]
[White "Le Nezet, Thierry"]
[Black "Fernandez, Clement"]
[Result "1-0"]
[WhiteElo "1980"]
[BlackElo "1680"]
[PlyCount "99"]
[EventDate "2006.05.06"]
[EventType "swiss"]
[EventRounds "6"]
[EventCountry "FRA"]
[SourceTitle "EXT 2007"]
[Source "ChessBase"]
[SourceDate "2006.11.23"]
[SourceVersion "1"]
[SourceVersionDate "2006.11.23"]
[SourceQuality "1"]

1. e4 e6 2. Qe2 d5 3. exd5 Qxd5 4. Nc3 Qd8 5. Nf3 Nc6 6. g3 Nf6 7. Bg2 Be7 8. 0-0 0-0 9. Rd1 Nd4 10. Nxd4 Qxd4 11. Nb5 Qb6 12. d4 c6 13. Nc3 Rd8 14. Qc4 Nd5 15. Ne4 Qc7 16. Qb3 e5 17. dxe5 Qxe5 18. c4 Nf6 19. Bf4 Qa5 20. Rxd8+ Qxd8 21. Rd1 Qb6 22. Nd6 Ng4 23. Qxb6 axb6 24. Nxc8 Rxc8 25. Bh3 f5 26. Rd7 Bf6 27. b3 Re8 28. Bxg4 fxg4 29. Kf1 Ra8 30. a4 Ra7 31. Bb8 Ra5 32. Rxb7 Bd4 33. Rd7 Bc3 34. Rd3 Bb4 35. Rd7 Rf5 36. Bd6 Bc3 37. Bf4 g5 38. Be3 Ba5 39. Ke2 Re5 40. Kd3 c5 41. Ra7 Re6 42. Bxc5 Rh6 43. Be3 Rxh2 44. c5 Rh1 45. cxb6 Bb4 46. b7 Rd1+ 47. Ke2 Re1+ 48. Kd3 Rd1+ 49. Kc2 Rd8 50. Ra8 1-0